[Event "Montreal Mercredi 05"]
[Site "Montreal"]
[Date "2013.05.29"]
[Round "3"]
[White "Munshi, Shawkat"]
[Black "Cote, Philippe"]
[Result "1-0"]
[WhiteElo "1674"]
[BlackElo "1725"]
[PlyCount "47"]
[EventDate "2013.05.15"]
[EventType "swiss"]
[EventRounds "5"]
[EventCountry "CAN"]
[SourceTitle "EXT 2014"]
[Source "ChessBase"]
[SourceDate "2013.11.20"]
[SourceVersion "1"]
[SourceVersionDate "2013.11.20"]
[SourceQuality "1"]

1. d4 d6 2. c4 g6 3. Nf3 Bg7 4. Nc3 Nf6 5. e4 0-0 6. Be2 e5 7. d5 Nbd7 8. Bg5 h6 9. Be3 Ng4 10. Bd2 f5 11. h3 Ngf6 12. Qc2 Nc5 13. Bd3 fxe4 14. Nxe4 Nfxe4 15. Bxe4 Nxe4 16. Qxe4 Bf5 17. Qe3 Kh7 18. Bc3 c6 19. dxc6 bxc6 20. 0-0 Qb6 21. c5 dxc5 22. Nxe5 Rae8 23. Qg3 Qc7 24. Nxg6 1-0

[Event "Montreal Mercredi 02"]
[Site "Montreal"]
[Date "2013.03.06"]
[Round "3"]
[White "Saha, Ananda"]
[Black "Munshi, Shawkat"]
[Result "1-0"]
[WhiteElo "1647"]
[BlackElo "1629"]
[PlyCount "101"]
[EventDate "2013.02.20"]
[EventType "swiss"]
[EventRounds "5"]
[EventCountry "CAN"]
[SourceTitle "EXT 2014"]
[Source "ChessBase"]
[SourceDate "2013.11.20"]
[SourceVersion "1"]
[SourceVersionDate "2013.11.20"]
[SourceQuality "1"]

1. d4 Nf6 2. c4 e6 3. Nc3 d5 4. cxd5 exd5 5. Bg5 c6 6. Qc2 Be6 7. e3 Nbd7 8. Nf3 Bd6 9. Bd3 h6 10. Bh4 Qc7 11. 0-0 Bg4 12. Bg3 Bxf3 13. gxf3 0-0-0 14. Bxd6 Qxd6 15. Nb5 Qb8 16. Qa4 a6 17. Na3 Qc7 18. Rac1 Kb8 19. b4 Qb6 20. Rc3 g5 21. Rfc1 Rc8 22. Qc2 Qd8 23. Nb1 g4 24. f4 Re8 25. Nd2 h5 26. Qa4 Ne4 27. Bxe4 dxe4 28. Nc4 Qe7 29. Na5 Nb6 30. Qb3 Qd7 31. Rc5 Nd5 32. R5c2 h4 33. Nc4 f6 34. a4 g3 35. fxg3 hxg3 36. hxg3 Rh8 37. Rg2 Rh7 38. Kf2 Rch8 39. Nd2 Qf5 40. b5 axb5 41. axb5 Kc7 42. g4 Qe6 43. b6+ Kc8 44. Qa3 Nxb6 45. Rb1 Nd5 46. Qa8+ Kd7 47. Rxb7+ Nc7 48. Qa7 Rc8 49. f5 Qe7 50. Nc4 Ke8 51. Qa4 1-0

[Event "Montreal Mercredi 08"]
[Site "Montreal"]
[Date "2012.09.05"]
[Round "2"]
[White "Cote, Philippe"]
[Black "Munshi, Shawkat"]
[Result "1-0"]
[WhiteElo "1655"]
[BlackElo "1655"]
[PlyCount "38"]
[EventDate "2012.08.29"]
[EventType "swiss"]
[EventRounds "5"]
[EventCountry "CAN"]
[SourceTitle "EXT 2022"]
[Source "ChessBase"]
[SourceDate "2021.10.06"]
[SourceVersion "1"]
[SourceVersionDate "2021.10.06"]
[SourceQuality "1"]

1. e4 c5 2. Nf3 d6 3. d4 cxd4 4. Nxd4 Nf6 5. Nc3 a6 6. Bc4 e6 7. Bb3 b5 8. 0-0 b4 9. Na4 Nxe4 10. Re1 Nf6 11. Qf3 d5 12. Bg5 Be7 13. Bxf6 gxf6 14. Nf5 Bb7 15. Nxe7 Kxe7 16. Nc5 Bc6 17. Qg4 Qg8 18. Qxb4 Ke8 19. Rad1 Qf8 1-0

[Event "Quebec op"]
[Site "Montreal"]
[Date "2012.07.26"]
[Round "7"]
[White "Munshi, Shawkat"]
[Black "Gedajlovic, Max"]
[Result "0-1"]
[WhiteElo "1678"]
[BlackElo "1817"]
[PlyCount "66"]
[EventDate "2012.07.21"]
[EventType "swiss"]
[EventRounds "9"]
[EventCountry "CAN"]
[SourceTitle "EXT 2022"]
[Source "ChessBase"]
[SourceDate "2021.10.06"]
[SourceVersion "1"]
[SourceVersionDate "2021.10.06"]
[SourceQuality "1"]

1. Nf3 Nf6 2. e3 g6 3. b3 Bg7 4. Bb2 0-0 5. d4 d6 6. Be2 Nbd7 7. Nbd2 c5 8. 0-0 cxd4 9. exd4 Rb8 10. c4 b6 11. a4 Ne8 12. Qc2 Ndf6 13. d5 Bf5 14. Bd3 Bxd3 15. Qxd3 Nd7 16. Bxg7 Nxg7 17. Nd4 Ne5 18. Qh3 Qc7 19. f4 Qc5 20. Qc3 Nf5 21. fxe5 Nxd4 22. b4 Ne2+ 23. Kh1 Qxd5 24. Qc2 Qxe5 25. Nf3 Nd4 26. Nxd4 Qxd4 27. Rad1 Qg7 28. Rf3 Rbc8 29. Qe4 Qe5 30. Qb7 Rxc4 31. Rdf1 Rxb4 32. Rxf7 Rxf7 33. Qc8+ Kg7 0-1

[Event "Quebec op"]
[Site "Montreal"]
[Date "2012.07.25"]
[Round "6"]
[White "He, Shao Hang"]
[Black "Munshi, Shawkat"]
[Result "1-0"]
[WhiteElo "1607"]
[BlackElo "1678"]
[PlyCount "118"]
[EventDate "2012.07.21"]
[EventType "swiss"]
[EventRounds "9"]
[EventCountry "CAN"]
[SourceTitle "EXT 2022"]
[Source "ChessBase"]
[SourceDate "2021.10.06"]
[SourceVersion "1"]
[SourceVersionDate "2021.10.06"]
[SourceQuality "1"]

1. d4 Nf6 2. c4 e6 3. Nf3 b6 4. Bg5 Be7 5. e3 Bb7 6. Bd3 d6 7. 0-0 Nbd7 8. Nc3 0-0 9. Nd2 h6 10. Bh4 c5 11. Qc2 Rc8 12. Rac1 a6 13. Nce4 cxd4 14. exd4 Nxe4 15. Bxe7 Qxe7 16. Bxe4 Bxe4 17. Nxe4 d5 18. Nd2 dxc4 19. Qa4 Ra8 20. Qxc4 Nf6 21. Rfe1 Rfc8 22. Qxc8+ Rxc8 23. Rxc8+ Kh7 24. Nf3 Qb4 25. Re2 Nd5 26. Rec2 g5 27. h3 Kg7 28. Ra8 Qe7 29. Rcc8 Nf6 30. Rxa6 Qb7 31. Raa8 Nd5 32. Rf8 Qc7 33. Rac8 Qf4 34. Ne5 Ne7 35. Rxf7+ Qxf7 36. Nxf7 Nxc8 37. Ne5 Ne7 38. Nd7 Nd5 39. Kf1 Kg6 40. g3 Kf5 41. Ne5 h5 42. Ke2 Ke4 43. Nc6 g4 44. hxg4 hxg4 45. a3 Nc7 46. Ne5 Nb5 47. Nxg4 Nxd4+ 48. Kf1 b5 49. Ne3 Kd3 50. g4 Ke4 51. g5 Nf5 52. Nxf5 Kxf5 53. f4 e5 54. fxe5 Kxg5 55. Ke2 Kf5 56. Kd3 Kxe5 57. Kc3 Kd5 58. Kb4 Kc6 59. Ka5 Kc5 1-0

[Event "Quebec op"]
[Site "Montreal"]
[Date "2012.07.22"]
[Round "3"]
[White "Munshi, Shawkat"]
[Black "Abreu Cordero, Jose Leonardo"]
[Result "0-1"]
[WhiteElo "1678"]
[BlackElo "2010"]
[PlyCount "108"]
[EventDate "2012.07.21"]
[EventType "swiss"]
[EventRounds "9"]
[EventCountry "CAN"]
[SourceTitle "EXT 2022"]
[Source "ChessBase"]
[SourceDate "2021.10.06"]
[SourceVersion "1"]
[SourceVersionDate "2021.10.06"]
[SourceQuality "1"]

1. Nf3 d5 2. e3 Nf6 3. b3 Bg4 4. Be2 e6 5. Bb2 Nbd7 6. c4 Bd6 7. d4 c6 8. Nbd2 h6 9. h3 Bf5 10. c5 Bc7 11. b4 Qe7 12. Nb3 0-0 13. 0-0 a6 14. a4 e5 15. dxe5 Nxe5 16. Nxe5 Bxe5 17. Nd4 Bd7 18. Qc2 Rac8 19. Bd3 Rfe8 20. Bf5 g6 21. Bxd7 Nxd7 22. Nf3 Bxb2 23. Qxb2 Qe4 24. Rfd1 Qf5 25. Nd4 Qf6 26. Qe2 Re7 27. Rac1 Ne5 28. Nf3 Nxf3+ 29. Qxf3 Qb2 30. Qg4 Rce8 31. Qd4 Qb3 32. Ra1 Re4 33. Rdb1 Qc2 34. Qb2 Rc4 35. Qxc2 Rxc2 36. Rc1 Rxc1+ 37. Rxc1 Re4 38. Rb1 Rc4 39. g4 a5 40. bxa5 Rxa4 41. Rxb7 Rxa5 42. Kg2 Rxc5 43. f4 Rc3 44. Kf3 d4 45. Re7 Kf8 46. Re4 c5 47. Ke2 f5 48. gxf5 gxf5 49. Re5 Rxe3+ 50. Rxe3 dxe3 51. Kxe3 Ke7 52. Kd3 Kd6 53. Kc4 h5 54. h4 Kc6 0-1